<?xml version="1.0" encoding="UTF-8"?>
<record
    xmlns:xsi="http://www.w3.org/2001/XMLSchema-instance"
    xsi:schemaLocation="http://www.loc.gov/MARC21/slim http://www.loc.gov/standards/marcxml/schema/MARC21slim.xsd"
    xmlns="http://www.loc.gov/MARC21/slim">

  <leader>02222pam a22004094i 4500</leader>
  <datafield tag="999" ind1=" " ind2=" ">
    <subfield code="c">8387</subfield>
    <subfield code="d">8387</subfield>
  </datafield>
  <controlfield tag="001">64688508</controlfield>
  <controlfield tag="003">OCoLC</controlfield>
  <controlfield tag="005">20191022141318.0</controlfield>
  <controlfield tag="008">060306s2006    mnu           000 0 eng  </controlfield>
  <datafield tag="010" ind1=" " ind2=" ">
    <subfield code="a">2006007822</subfield>
  </datafield>
  <datafield tag="020" ind1=" " ind2=" ">
    <subfield code="a">0764201387 (pbk.)</subfield>
  </datafield>
  <datafield tag="020" ind1=" " ind2=" ">
    <subfield code="a">9780764201387 (pbk.)</subfield>
  </datafield>
  <datafield tag="035" ind1=" " ind2=" ">
    <subfield code="a">(OCoLC)64688508</subfield>
  </datafield>
  <datafield tag="040" ind1=" " ind2=" ">
    <subfield code="a">DLC</subfield>
    <subfield code="b">eng</subfield>
    <subfield code="e">rda</subfield>
    <subfield code="c">DLC</subfield>
    <subfield code="d">IG#</subfield>
    <subfield code="d">BAKER</subfield>
    <subfield code="d">BTCTA</subfield>
    <subfield code="d">YDXCP</subfield>
    <subfield code="d">FIN</subfield>
  </datafield>
  <datafield tag="042" ind1=" " ind2=" ">
    <subfield code="a">pcc</subfield>
  </datafield>
  <datafield tag="043" ind1=" " ind2=" ">
    <subfield code="a">n-us-il</subfield>
  </datafield>
  <datafield tag="050" ind1="0" ind2="0">
    <subfield code="a">BV2653</subfield>
    <subfield code="b">.S85 2006</subfield>
  </datafield>
  <datafield tag="082" ind1="0" ind2="0">
    <subfield code="a">277.73</subfield>
    <subfield code="2">22</subfield>
    <subfield code="b">SU949G</subfield>
  </datafield>
  <datafield tag="100" ind1="1" ind2=" ">
    <subfield code="a">Sullivan, Barbara A.</subfield>
    <subfield code="0">http://id.loc.gov/authorities/names/n83017462</subfield>
  </datafield>
  <datafield tag="245" ind1="1" ind2="0">
    <subfield code="a">God's ground force :</subfield>
    <subfield code="b">what happened when one church dared to leave the comfort zone /</subfield>
    <subfield code="c">Barbara Sullivan.</subfield>
  </datafield>
  <datafield tag="263" ind1=" " ind2=" ">
    <subfield code="a">1111.</subfield>
  </datafield>
  <datafield tag="264" ind1=" " ind2="1">
    <subfield code="a">Minneapolis, Minn. :</subfield>
    <subfield code="b">Bethany House,</subfield>
    <subfield code="c">[2006]</subfield>
  </datafield>
  <datafield tag="264" ind1=" " ind2="4">
    <subfield code="c">&#xA9;2006</subfield>
  </datafield>
  <datafield tag="300" ind1=" " ind2=" ">
    <subfield code="a">191 pages ;</subfield>
    <subfield code="c">22 cm</subfield>
  </datafield>
  <datafield tag="336" ind1=" " ind2=" ">
    <subfield code="a">text</subfield>
    <subfield code="b">txt</subfield>
    <subfield code="2">rdacontent</subfield>
  </datafield>
  <datafield tag="337" ind1=" " ind2=" ">
    <subfield code="a">unmediated</subfield>
    <subfield code="b">n</subfield>
    <subfield code="2">rdamedia</subfield>
  </datafield>
  <datafield tag="338" ind1=" " ind2=" ">
    <subfield code="a">volume</subfield>
    <subfield code="b">nc</subfield>
    <subfield code="2">rdacarrier</subfield>
  </datafield>
  <datafield tag="504" ind1=" " ind2=" ">
    <subfield code="a">Includes bibliographical references (p. [189]-191).</subfield>
  </datafield>
  <datafield tag="505" ind1="0" ind2="0">
    <subfield code="t">The call --</subfield>
    <subfield code="t">Small beginnings --</subfield>
    <subfield code="t">Following the cloud --</subfield>
    <subfield code="t">The shepherd as leader --</subfield>
    <subfield code="t">Functioning as a body --</subfield>
    <subfield code="t">What about the kids? --</subfield>
    <subfield code="t">The call to prayer --</subfield>
    <subfield code="t">Entering the harvest fields --</subfield>
    <subfield code="t">The next step --</subfield>
    <subfield code="t">The bonds of unity --</subfield>
    <subfield code="t">His answer --</subfield>
    <subfield code="t">Touching people, touching God --</subfield>
    <subfield code="t">A tale of two women.</subfield>
  </datafield>
  <datafield tag="520" ind1=" " ind2=" ">
    <subfield code="a">"The true story of Spirit of God Fellowship, a small church that reached out in obedience to God's call. Through Restoration Ministries it oversees more than thirty inner-city outreaches, all run by volunteers, that help recovering drug addicts, at-risk children, seniors, and needy families"--Provided by publisher.</subfield>
  </datafield>
  <datafield tag="610" ind1="2" ind2="0">
    <subfield code="a">Spirit of God Fellowship (South Holland, Ill.)</subfield>
    <subfield code="0">http://id.loc.gov/authorities/names/n2006018534</subfield>
    <subfield code="x">History.</subfield>
    <subfield code="0">http://id.loc.gov/authorities/subjects/sh99005024</subfield>
  </datafield>
  <datafield tag="650" ind1=" " ind2="0">
    <subfield code="a">City missions.</subfield>
    <subfield code="0">http://id.loc.gov/authorities/subjects/sh85026278</subfield>
  </datafield>
  <datafield tag="650" ind1=" " ind2="0">
    <subfield code="a">Church work with the poor.</subfield>
    <subfield code="0">http://id.loc.gov/authorities/subjects/sh85025561</subfield>
  </datafield>
  <datafield tag="710" ind1="2" ind2=" ">
    <subfield code="a">Restoration Ministries.</subfield>
    <subfield code="0">http://id.loc.gov/authorities/names/n2006018538</subfield>
  </datafield>
  <datafield tag="856" ind1="4" ind2="1">
    <subfield code="3">Table of contents only</subfield>
    <subfield code="u">http://www.loc.gov/catdir/toc/ecip0610/2006007822.html</subfield>
  </datafield>
  <datafield tag="942" ind1=" " ind2=" ">
    <subfield code="2">ddc</subfield>
    <subfield code="c">BK</subfield>
  </datafield>
  <datafield tag="952" ind1=" " ind2=" ">
    <subfield code="0">0</subfield>
    <subfield code="1">0</subfield>
    <subfield code="2">ddc</subfield>
    <subfield code="4">0</subfield>
    <subfield code="7">0</subfield>
    <subfield code="8">NFIC</subfield>
    <subfield code="a">HMC</subfield>
    <subfield code="b">HMC</subfield>
    <subfield code="d">2019-10-22</subfield>
    <subfield code="l">0</subfield>
    <subfield code="o">277.73 SU949G</subfield>
    <subfield code="p">009587</subfield>
    <subfield code="r">2019-10-22 00:00:00</subfield>
    <subfield code="w">2019-10-22</subfield>
    <subfield code="y">BK</subfield>
  </datafield>
</record>
